[Event "JUG-chT (Women)"]
[Site "Brezovica"]
[Date "1988.??.??"]
[Round "?"]
[White "Vospernik, Mira"]
[Black "Petek Medic, Mirjana"]
[Result "1/2-1/2"]
[WhiteElo "2175"]
[BlackElo "2300"]

1.d4 e6 2.c4 Nf6 3.Nf3 Bb4+ 4.Bd2 Qe7 5.a3 Bxd2+ 6.Nbxd2 d5 7.g3 O-O 8.Bg2 Nbd7
9.O-O c6 10.cxd5 exd5 11.Re1 Ne4 12.Rc1 f5 13.e3 Ndf6 14.Ne5 Nxd2 15.Qxd2 Ne4
16.Qc2 Be6 17.f3 Nd6 18.Qd2 Rac8 19.Qb4 Rc7 20.Bf1 Qd8 21.Qa4 a6 22.Qb4 Nf7
23.Nxf7 Bxf7 24.Bd3 Bh5 25.Kf2 Qf6 26.Bb1 Re7 27.Qd2 Qh6 28.f4 Bg4 29.h4 Qh5
30.Bc2 h6 31.Bd1 g5 32.Bxg4 fxg4 33.Rh1 gxf4 34.exf4 Rfe8 35.Rhe1 Qg6 36.Re5 Rxe5
37.dxe5 Kf7 38.Re1 Re7 39.b4 Qf5 40.a4 Ke6 41.Qe2 Rd7 42.Rd1 h5 43.Rd4 Qb1
44.Qd2 Rf7 45.Qd3 Qb2+ 46.Ke1 Rf5 47.a5  1/2-1/2

[Event "Brocco op"]
[Site "Brocco"]
[Date "1988.??.??"]
[Round "?"]
[White "Toth, Bela"]
[Black "Cebalo, Miso"]
[Result "0-1"]
[WhiteElo "2385"]
[BlackElo "2515"]

1.d4 Nf6 2.c4 e6 3.Nf3 Bb4+ 4.Bd2 c5 5.g3 Qb6 6.Bxb4 Qxb4+ 7.Qd2 Nc6 8.Qxb4 Nxb4
9.Na3 b6 10.Bg2 Bb7 11.O-O Ke7 12.Rfd1 d6 13.Ne1 Bxg2 14.Kxg2 Rhc8 15.f3 a6
16.e4 cxd4 17.Rxd4 g5 18.Kf2 g4 19.Ke3 Nc6 20.Rd2 Ne5 21.b3 gxf3 22.Nxf3 Neg4+
23.Kd3 Rc5 24.Rf1 Rg8 25.Nc2 b5 26.cxb5 Rgc8 27.Nb4 Rc3+ 28.Ke2 axb5 29.Rd3 Nxe4
30.Nd4 d5 31.Rxc3 Rxc3 32.Nxb5 Re3+ 33.Kd1 Nxh2 34.Rf4 Rxg3 35.Nc6+ Ke8 36.Rh4 Rg1+
37.Kc2 Rg2+ 38.Kc1 Rxa2 39.Rxh7 Nf3 40.Rh8+ Kd7 41.Nba7 Ne1 42.Rd8+ Kc7 43.Rc8+ Kb6
44.Rb8+ Kc5 45.b4+ Kc4 46.Ne5+ Kb3 47.Kd1 Ng2 48.Nb5 Rd2+ 49.Kc1 Ne3  0-1

[Event "Budapest"]
[Site "Budapest"]
[Date "1988.??.??"]
[Round "?"]
[White "Zysk, Robert"]
[Black "Robatsch, Karl"]
[Result "1-0"]
[WhiteElo "2395"]
[BlackElo "2415"]

1.d4 Nf6 2.c4 e6 3.Nf3 Bb4+ 4.Bd2 Qe7 5.g3 Bxd2+ 6.Qxd2 d5 7.Bg2 O-O 8.O-O Rd8
9.Qc2 Na6 10.Rd1 c5 11.cxd5 exd5 12.Nc3 Nb4 13.Qc1 Bg4 14.dxc5 Qxc5 15.Nd4 Rac8
16.Qf4 Qb6 17.Rac1 Be6 18.Nxe6 fxe6 19.Bh3 Rf8 20.Na4 Rxc1 21.Rxc1 Qa5 22.Qe5 Re8
23.Rc8 Kf8 24.Rxe8+ Kxe8 25.Qxe6+  1-0

[Event "Budapest+"]
[Site "Budapest"]
[Date "1988.??.??"]
[Round "?"]
[White "Vegh, Endre"]
[Black "Schneider, Attila"]
[Result "0-1"]
[WhiteElo "2395"]
[BlackElo "2420"]

1.d4 Nf6 2.c4 e6 3.Nf3 Bb4+ 4.Bd2 Bxd2+ 5.Qxd2 d5 6.e3 O-O 7.Nc3 Qe7 8.Be2 dxc4
9.Bxc4 c5 10.O-O Rd8 11.Rad1 cxd4 12.Nxd4 Bd7 13.Ndb5 Nc6 14.Qd6 a6 15.Qxe7 Nxe7
16.Nd6 Bc6 17.Be2 Ned5 18.Nxd5 Bxd5 19.Nc4 Rac8 20.a4 Bxc4 21.Bxc4 Kf8 22.Bb3 Rxd1
23.Rxd1 Rc6 24.f3 Ke7 25.Kf2 Rb6 26.Rd3 Nd7 27.Rc3 Rb4 28.Ke2 b6 29.Kd2 Nc5
30.Kc2 a5 31.Ba2 Rxa4 32.Bc4 Ra1 33.Be2 Rg1  0-1

[Event "Budapest"]
[Site "Budapest"]
[Date "1988.??.??"]
[Round "?"]
[White "Lukacs, Peter"]
[Black "Robatsch, Karl"]
[Result "1/2-1/2"]
[WhiteElo "2490"]
[BlackElo "2415"]

1.d4 Nf6 2.c4 e6 3.Nf3 Bb4+ 4.Bd2 Qe7 5.g3 Bxd2+ 6.Qxd2 d5 7.Bg2 O-O 8.O-O Rd8
9.Rd1 Na6 10.Qc2 Bd7 11.cxd5 exd5 12.Nc3 g6 13.Ne5 Bf5  1/2-1/2

[Event "Compack"]
[Site "Budapest"]
[Date "1988.??.??"]
[Round "?"]
[White "Barbero, Gerardo F"]
[Black "Reeh, Oliver"]
[Result "1-0"]
[WhiteElo "2505"]
[BlackElo "2460"]

1.d4 Nf6 2.c4 e6 3.Nf3 Bb4+ 4.Bd2 Qe7 5.g3 O-O 6.Bg2 Bxd2+ 7.Qxd2 d6 8.O-O e5
9.Nc3 c6 10.e4 Re8 11.h3 Nbd7 12.Rad1 Nf8 13.Rfe1 Ng6 14.Qe3 h6 15.b3 Nd7
16.Rf1 Ndf8 17.d5 c5 18.Ne1 Nh7 19.Nd3 Bd7 20.Rde1 Rf8 21.f4 exf4 22.gxf4 Rae8
23.Qg3 b6 24.e5 Bf5 25.Ne4 Qh4 26.Kh2 Qxg3+ 27.Kxg3 dxe5 28.Nxe5 Nxe5 29.Nd6 Bd3
30.Rg1 Nf3 31.Bxf3 Rxe1 32.Rxe1 Nf6 33.Re7 a6 34.Rb7 b5 35.Rc7 bxc4 36.bxc4 Rd8
37.Nb7 Rb8 38.d6 Bxc4 39.d7 Nxd7 40.Rxd7 Bxa2 41.Nxc5 a5 42.Ra7 Rb5 43.Nb7 g5
44.Rxa5 gxf4+ 45.Kxf4 Rb4+ 46.Kg3 Be6 47.Nc5 Rb6 48.Ra6 Rb1 49.Nxe6 fxe6
50.Rxe6 Kg7 51.h4 Rb7 52.h5 Ra7 53.Rg6+ Kh7 54.Be4 Rf7 55.Kg4 Rf8 56.Bf5 Rf7
57.Kf4 Rf8 58.Ke5 Rf7 59.Bc2 Rf8 60.Ke6 Rb8 61.Be4 Re8+ 62.Kd5 Rf8 63.Re6+ Kg7
64.Ke5 Rf7 65.Bf5 Rf8 66.Bg6 Rb8 67.Re7+ Kg8 68.Bf7+ Kh8 69.Kf6  1-0

[Event "Compack"]
[Site "Budapest"]
[Date "1988.??.??"]
[Round "?"]
[White "Horvath, Gyula"]
[Black "Horvath, Jozsef"]
[Result "1/2-1/2"]
[WhiteElo "2455"]
[BlackElo "2495"]

1.d4 Nf6 2.c4 e6 3.Nf3 Bb4+ 4.Bd2 c5 5.g3 Qb6 6.Qb3 Nc6 7.dxc5 Bxd2+ 8.Nbxd2 Qxc5
9.Bg2 O-O 10.O-O b6 11.Rac1 Bb7 12.Rfd1 Rac8 13.Qa4 Rfd8 14.Nb3 Qe7 15.c5  1/2-1/2

[Event "Buenos Aires"]
[Site "Buenos Aires"]
[Date "1988.??.??"]
[Round "?"]
[White "Cifuentes Parada, Roberto"]
[Black "Paglilla, Carlos"]
[Result "1-0"]
[WhiteElo "2530"]
[BlackElo "2315"]

1.d4 Nf6 2.Nf3 e6 3.c4 Bb4+ 4.Bd2 c5 5.Bxb4 cxb4 6.Nbd2 O-O 7.e4 d6 8.Rc1 e5
9.Bd3 Nfd7 10.O-O Nc6 11.Bb1 a5 12.Re1 Qb6 13.c5 dxc5 14.Nc4 Qc7 15.d5 Ncb8
16.d6 Qd8 17.Ncxe5 b6 18.Nc4 Re8 19.e5 Nf8 20.Ne3 Bb7 21.Nd5 Bxd5 22.Qxd5 Nbd7
23.h4 Ne6 24.Be4 Ra7 25.Qd3 g6 26.Bd5 Kg7 27.g3 Nb8 28.Re4 Qd7 29.Ng5 Nxg5
30.hxg5 Nc6 31.Rce1 Nd8 32.Bc4 Rf8 33.e6 Nxe6 34.Bxe6 fxe6 35.Rxe6 Rf7 36.Qd5 h5
37.Qe4 Kf8 38.Re8+  1-0

[Event "ARG-ch"]
[Site "Buenos Aires"]
[Date "1988.??.??"]
[Round "?"]
[White "Sabas, Jorge"]
[Black "Casafus, Ruben"]
[Result "1/2-1/2"]
[WhiteElo "2215"]
[BlackElo "2370"]

1.d4 Nf6 2.Nf3 e6 3.c4 Bb4+ 4.Bd2 c5 5.Bxb4 cxb4 6.g3 O-O 7.Bg2 d6 8.O-O Re8
9.Qd3 Bd7 10.Nbd2 a5 11.Ng5 Bc6 12.d5 exd5 13.cxd5 Bd7 14.Nge4 Nxe4 15.Bxe4 g6
16.Qd4 Bb5 17.Rfe1 Nd7 18.Bd3 Bxd3 19.Qxd3 Qf6 20.Qb5 Nc5 21.e4 Qd4 22.Nb3 Nxb3
23.axb3 b6 24.Qe2 f5 25.Rad1 Qc5 26.Qd3 fxe4 27.Rxe4 Rf8 28.Rd2 b5 29.Rc2 Qb6
30.Qe2 Rac8 31.Rxc8 Rxc8 32.Re8+ Rxe8 33.Qxe8+ Kg7 34.Qc6 Qb8 35.Qd7+ Kg8
36.Qe6+ Kg7 37.Qe7+ Kg8 38.Kg2 a4  1/2-1/2

[Event "ARG-ch"]
[Site "Buenos Aires"]
[Date "1988.??.??"]
[Round "?"]
[White "Schwanek, Carlos"]
[Black "Casafus, Ruben"]
[Result "1/2-1/2"]
[WhiteElo "2315"]
[BlackElo "2370"]

1.d4 Nf6 2.c4 e6 3.Nf3 Bb4+ 4.Bd2 c5 5.Bxb4 cxb4 6.e3 O-O 7.Be2 b6 8.O-O Bb7
9.Nbd2 d6 10.Ne1 e5 11.Nd3 exd4 12.exd4 a5 13.Re1 Nc6 14.Nf3 Rc8 15.Rc1 Re8
16.Bf1 Qd7 17.Qd2 Ne7 18.Be2 Nf5 19.d5 Ba6 20.b3 b5 21.cxb5 Bxb5 22.Rxc8 Rxc8
23.Nf4 Bxe2 24.Qxe2 h6 25.h4 Qb7 26.Qd3 Ne7 27.Nd2 Rc3 28.Qe2 Nexd5 29.Nxd5 Qxd5
30.Nc4 a4 31.Nb6 Qc6 32.Nxa4 Rc2 33.Qe3 Rxa2 34.Rc1 Rc2 35.Rd1 Ng4 36.Qf3 Qc8
37.Rf1 Rc1 38.Qe2 d5 39.g3 Rc2 40.Qd3 Nf6 41.Qd4 Qh3 42.Re1 Ne4 43.Qxd5 Nxf2
44.Qa8+ Kh7 45.Qf3 Rd2 46.Nc5 Nd1 47.Ne4 Qh2+ 48.Kf1 Rd8 49.Qg2 Qxg2+ 50.Kxg2 f5
51.Nc5 Rd2+ 52.Kg1 Nc3 53.Re3 Ne2+ 54.Kf1 Nc1 55.h5 Rh2 56.Na6 Rxh5 57.Nxb4 Rh2
58.Nd5 Rb2 59.b4 Na2 60.Rf3 g6 61.Rf4 Kg7 62.Rc4 h5 63.Rc7+ Kh6 64.Rc4 Kg5
65.Kg1 Rd2 66.Nc7 Rd3 67.Kf2 Rb3 68.Nd5 Rb1 69.Ke3 Rb3+ 70.Kf2 Kh6 71.Kg2 Rd3
72.Nf4 Rd2+ 73.Kf3 g5 74.Rc6+ Kh7 75.Rc7+ Kh8 76.Nxh5 Nxb4 77.Nf6 Rh2 78.g4 Rh3+
79.Kg2 fxg4 80.Nxg4 Rh4 81.Ne5 Re4 82.Nf7+ Kg8 83.Kg3 Nd5 84.Nxg5  1/2-1/2

[Event "BCA op"]
[Site "Buenos Aires"]
[Date "1988.??.??"]
[Round "?"]
[White "Soppe, Guillermo"]
[Black "Panno, Oscar"]
[Result "1/2-1/2"]
[WhiteElo "2435"]
[BlackElo "2515"]

1.d4 Nf6 2.c4 e6 3.Nf3 Bb4+ 4.Bd2 Qe7 5.g3 Nc6 6.Nc3 O-O 7.Bg2 d5 8.a3 Bxc3
9.Bxc3 Ne4 10.Qc2 Nxc3 11.Qxc3 Bd7 12.O-O dxc4 13.Qxc4 Rfc8 14.Qc3 Be8 15.e4 a5
16.d5 Nd8 17.Rad1 b5 18.b4 c5 19.d6 Qa7 20.e5 h6 21.bxc5 Rxc5 22.Qd4 Bc6
23.Rc1 Rxc1 24.Rxc1 Qb7 25.Ne1 Bxg2 26.Nxg2 Rc8 27.Rb1 b4 28.axb4 axb4 29.Nf4 Nc6
30.Qc5 Qa6 31.h4 Rb8 32.Kh2 b3 33.Qc3 Qb5 34.Nd3 Qd5 35.Rb2 Rb7 36.Rb1 Rb8
37.Rb2 Qf3 38.Rxb3 Rxb3 39.Qxb3 Nxe5 40.Qb8+ Kh7 41.Nxe5 Qxf2+  1/2-1/2

[Event "Buenos Aires"]
[Site "Buenos Aires"]
[Date "1988.??.??"]
[Round "?"]
[White "Cifuentes Parada, Roberto"]
[Black "Tempone, Marcelo"]
[Result "1-0"]
[WhiteElo "2530"]
[BlackElo "2450"]

1.d4 Nf6 2.Nf3 e6 3.c4 Bb4+ 4.Bd2 c5 5.Bxb4 cxb4 6.Qc2 d6 7.e4 Qc7 8.Bd3 Nbd7
9.a3 bxa3 10.Nxa3 e5 11.Nb5 Qb8 12.c5 dxc5 13.dxc5 O-O 14.O-O a6 15.Nd6 Qc7
16.b4 Ne8 17.Nc4 Rb8 18.Rfc1 g6 19.Qb2 f6 20.Ne3 Kg7 21.Nd5 Qd8 22.Rd1 Nc7
23.Bc4 Nxd5 24.Rxd5 Qe7 25.Rad1 Re8 26.Bb3 b6 27.Ba4 b5 28.Bb3 Nf8 29.Rd6 Ra8
30.h3 Ra7 31.Qa1 Qc7 32.Qc3 a5 33.Nh2 Ne6 34.Bxe6 Bxe6 35.Ng4 axb4 36.Qxb4 Qa5
37.Qxa5 Rxa5 38.Rb6 Bxg4 39.Rb7+ Kh6 40.hxg4 Rc8 41.Rc1 Rc6 42.Kh2 b4 43.Kg3 Kg5
44.Rh1 h5 45.gxh5 gxh5 46.Rh7 Rcxc5 47.R1xh5+ Kg6 48.Kg4  1-0

[Event "BUL-ch"]
[Site "BUL"]
[Date "1988.??.??"]
[Round "?"]
[White "Kolev, Atanas"]
[Black "Panbukchian, Valentin"]
[Result "1-0"]
[WhiteElo "2395"]
[BlackElo "2380"]

1.d4 Nf6 2.c4 e6 3.Nf3 Bb4+ 4.Bd2 Qe7 5.g3 Nc6 6.Nc3 Bxc3 7.Bxc3 Ne4 8.Rc1 O-O
9.Bg2 d6 10.d5 Nxc3 11.Rxc3 Nb8 12.O-O a5 13.Nd2 e5 14.c5 Bf5 15.Nc4 Nd7
16.cxd6 cxd6 17.Ra3 b6 18.Qd2 Rfc8 19.Rc1 Rab8 20.Rb3 Rc5 21.Rcc3 h6 22.e4 Bg6
23.Qd3 Qf8 24.a4 f5 25.exf5 Bxf5 26.Qe2 Qe7 27.f4 Bb1 28.Ra3 Re8 29.Bh3 exf4
30.Qxe7 Rxe7 31.Be6+ Kh7 32.Nxd6 Nf8 33.Rxc5 bxc5 34.Bg4 Ng6 35.Ra1 Re1+
36.Kf2 Rh1 37.Bf5 Rxh2+ 38.Kg1 Rd2 39.Bxb1 Rxd5 40.Nf5 Rd1+ 41.Kf2 Kh8 42.gxf4 Nxf4
43.Ke3 Ne6 44.Ke2 Rg1 45.Kd3 h5 46.Kc3 g6 47.Ne7 g5 48.Kb3 Nd4+ 49.Ka2 Kg7
50.Nd5 g4 51.Be4 Rxa1+ 52.Kxa1 Nb3+ 53.Ka2 Nd2 54.Bh1 Kg6 55.b3 Kf5 56.Kb2 h4
57.Kc2 Nf1 58.Kd3 h3 59.Ne3+ Nxe3 60.Kxe3 g3 61.Bb7 Kg4  1-0

[Event "BUL-ch"]
[Site "BUL"]
[Date "1988.??.??"]
[Round "?"]
[White "Nikolov, Sasho"]
[Black "Inkiov, Ventzislav"]
[Result "0-1"]
[WhiteElo "2215"]
[BlackElo "2490"]

1.d4 Nf6 2.c4 e6 3.Nf3 Bb4+ 4.Bd2 Qe7 5.g3 O-O 6.Bg2 Bxd2+ 7.Nbxd2 d6 8.O-O e5
9.e4 c5 10.d5 Bg4 11.h3 Bxf3 12.Qxf3 Nbd7 13.Qd3 g6 14.f4 exf4 15.gxf4 Nh5
16.Rae1 Qh4 17.Qf3 Rae8 18.Re3 Qf6 19.e5 dxe5 20.fxe5 Qg5 21.Qe2 Rxe5 22.Rxe5 Nxe5
23.Ne4 Nf4 24.Nxg5 Nxe2+ 25.Kf2 Nd4 26.b3 b6 27.Kg3 h6 28.Nf3 Nexf3 29.Bxf3 Re8
30.Bh1 Nf5+ 31.Kf2 Nd6 32.Rc1 Kg7 33.a3 f5 34.Bf3 g5 35.b4 Kg6 36.Be2 h5
37.Bd3 Kf6 38.bxc5 bxc5 39.Rb1 f4 40.Be2 Ne4+ 41.Kg2 Nc3 42.Bxh5 Nxb1 43.Bxe8 Nxa3  0-1

[Event "BUL-ch"]
[Site "BUL"]
[Date "1988.??.??"]
[Round "?"]
[White "Nikolov, Sasho"]
[Black "Spiridonov, Nikola"]
[Result "1-0"]
[WhiteElo "2215"]
[BlackElo "2425"]

1.d4 Nf6 2.c4 e6 3.Nf3 Bb4+ 4.Bd2 c5 5.g3 O-O 6.Bg2 d6 7.O-O Qc7 8.d5 Bxd2
9.Qxd2 exd5 10.cxd5 b5 11.b4 Bb7 12.Nc3 a6 13.Rac1 Nbd7 14.Nh4 Rfe8 15.Nf5 Re5
16.e4 Rae8 17.bxc5 Nxc5 18.Qg5 g6 19.Qxf6 gxf5 20.f4 Rxe4 21.Nxe4 fxe4 22.Qg5+ Kh8
23.Qf6+ Kg8 24.Qg5+ Kh8 25.f5 Qe7 26.f6 Qf8 27.Rf5 Bc8 28.Rf4 Re5 29.Qh4 e3
30.Be4 h5 31.Re1 Qh6 32.Rxe3 Bf5 33.Bxf5 Rxe3 34.Rg4 Re1+ 35.Kg2 Re2+ 36.Kf1 Rxh2
37.Qg5 Qxg5 38.Rxg5 b4 39.Rg7 h4 40.Rxf7 Kg8 41.Rg7+ Kf8 42.Be6  1-0

[Event "Caorle op"]
[Site "Caorle"]
[Date "1988.??.??"]
[Round "4"]
[White "Wigmans, E."]
[Black "Mazzotti, Carlo"]
[Result "1/2-1/2"]
[WhiteElo "2000"]
[BlackElo "1950"]

1.d4 e6 2.c4 Nf6 3.Nf3 Bb4+ 4.Bd2 Qe7 5.Nc3 O-O 6.Qc2 d6 7.a3 Bxc3 8.Bxc3 Nbd7
9.e4 e5 10.dxe5 dxe5 11.Bd3 b6 12.O-O Bb7 13.b4 Rfe8 14.Rfe1 Nh5 15.Bf1 f5
16.exf5 Bxf3 17.gxf3 Qg5+ 18.Kh1 Nf4 19.Bd2 Rf8 20.Bxf4 Qxf4 21.Qe4 Rad8
22.Rad1 Nf6 23.Qxf4 exf4 24.c5 Rxd1 25.Rxd1 Re8 26.cxb6 cxb6 27.Bc4+ Kf8
28.Be6 Ke7 29.Rd4 g5 30.h4 h6 31.hxg5 hxg5 32.Kg2 Rd8 33.Rc4 Kd6 34.Kf1 Rh8
35.Kg2 Rb8 36.b5 Rh8 37.Rc6+ Ke5 38.Rc7 Rh7 39.Rc8 Kd4 40.a4 Ke5 41.Rc4 Kd6
42.Rc6+ Ke5 43.Rc2 Kd6 44.Re2 Rc7 45.Ba2 Re7 46.Re6+ Rxe6 47.fxe6 Ke7 48.Kf1 Kd6
49.Ke2 Ke5 50.Kd3 Ne8 51.e7 Kf6 52.Ke4 Nd6+ 53.Kd5 Kxe7 54.Ke5 Nb7 55.Bc4 Nc5
56.Kf5 Nxa4 57.Kxg5 Kd6 58.Kxf4 Kc5 59.Bf1 Nc3 60.Ke5 Nxb5 61.Bd3 a5 62.f4  1/2-1/2

[Event "Caorle op"]
[Site "Caorle"]
[Date "1988.??.??"]
[Round "5"]
[White "Sinadinovic, Andjelko"]
[Black "Versporten, W."]
[Result "1-0"]
[WhiteElo "2230"]
[BlackElo "2200"]

1.d4 Nf6 2.c4 e6 3.Nf3 Bb4+ 4.Bd2 Bxd2+ 5.Qxd2 O-O 6.Nc3 d5 7.e3 Nbd7 8.Rd1 c6
9.Be2 Qe7 10.O-O Ne4 11.Qc2 Nxc3 12.Qxc3 dxc4 13.Bxc4 b5 14.Bd3 Bb7 15.e4 a6
16.Rfe1 c5 17.d5 e5 18.g3 Rae8 19.Bf1 Qd6 20.Nh4 g6 21.b3 f5 22.exf5 g5 23.Nf3 h6
24.Bg2 Qf6 25.Nd2 Qxf5 26.Ne4 Re7 27.Rd2 Ba8 28.Nxc5 Nxc5 29.Qxc5 Rd7 30.Qb6  1-0

[Event "Caorle op"]
[Site "Caorle"]
[Date "1988.??.??"]
[Round "8"]
[White "Gigerl, Erich"]
[Black "Mazzotti, Carlo"]
[Result "1-0"]
[WhiteElo "2225"]
[BlackElo "1950"]

1.d4 e6 2.c4 Nf6 3.Nf3 Bb4+ 4.Bd2 Qe7 5.e3 O-O 6.a3 Bxd2+ 7.Qxd2 d6 8.Nc3 b6
9.Be2 Bb7 10.Qc2 Nbd7 11.O-O c5 12.Rfd1 Rfd8 13.d5 e5 14.Nd2 Re8 15.e4 Nf8
16.h3 Ng6 17.g3 Rad8 18.Kh2 Bc8 19.Rh1 h6 20.Nf1 Nh7 21.Ne3 Qf6 22.Raf1 Ng5
23.Kg2 Ne7 24.Qd1 g6 25.Bg4 Qg7 26.f4 exf4 27.gxf4 Nxe4 28.Nxe4 f5 29.Nc3 fxg4
30.hxg4 Kh7 31.Rxh6+ Qxh6 32.Rh1 Qxh1+ 33.Qxh1+ Kg7 34.Qh4 Ng8 35.Kf3 Nf6
36.f5 gxf5 37.gxf5 Rg8 38.Ne2 Kf7 39.Nf4 Rh8 40.Qg3 Rhg8 41.Ng6 Bxf5 42.Nxf5 Rxg6
43.Nxd6+ Kg7 44.Nf5+ Kf7 45.Qe5 Rd7 46.Qe6+ Kf8 47.Ke2 Rf7 48.d6 Rd7 49.Ne7 Rh6
50.Kd3 Rd8 51.Kc2 a6 52.b4 Rh2+ 53.Kb3 Kg7 54.Qe5 Rh3+ 55.Ka4 cxb4 56.Nd5 b5+
57.cxb5 axb5+ 58.Kxb4 Rh4+ 59.Kb3 Rh3+  1-0

[Event "CUB-ch"]
[Site "?"]
[Date "1988.??.??"]
[Round "?"]
[White "Garcia Gonzales, Guillermo"]
[Black "Arencibia, Juan Joel"]
[Result "1/2-1/2"]
[WhiteElo "2525"]
[BlackElo "2350"]

1.d4 Nf6 2.c4 e6 3.Nf3 Bb4+ 4.Bd2 c5 5.Bxb4 cxb4 6.e3 O-O 7.Be2 Nc6 8.O-O d6
9.Qb3 a5 10.a3 b6 11.Nbd2 Ba6 12.Rfe1 bxa3 13.bxa3 e5 14.Rab1 Rb8 15.Qc2 Qe7
16.d5 Nd8 17.Ng5 g6 18.Nge4 Nd7 19.c5 Nxc5 20.Nxc5 Bxe2 21.Rxe2 Qc7 22.Qb3 dxc5
23.a4 f6 24.Nc4 Nf7 25.d6 Qc6 26.Rd2 Rfd8 27.f3 Kf8 28.Qd1 b5 29.axb5 Rxb5
30.Rc1 Rb4 31.Rd5 Qb5 32.Na3 Qa4 33.Qxa4 Rxa4 34.Nc4 Rb4 35.Rxc5 Nxd6 36.Rd1 Nb7
37.Rxd8+ Nxd8 38.Rc8 Kg7 39.Rc7+ Kg8 40.Rc8 Kg7 41.Rc7+ Kg8  1/2-1/2

[Event "CUB-ch"]
[Site "?"]
[Date "1988.??.??"]
[Round "?"]
[White "Borges Mateos, Juan"]
[Black "Garcia Gonzales, Guillermo"]
[Result "1/2-1/2"]
[WhiteElo "2535"]
[BlackElo "2525"]

1.d4 Nf6 2.c4 e6 3.Nf3 Bb4+ 4.Bd2 a5 5.Nc3 O-O 6.Qc2 d5 7.e3 b6 8.Rc1 Bb7
9.Bd3 Nbd7 10.O-O Qe7 11.Rfd1 dxc4 12.Bxc4 c5 13.a3 Bxf3 14.gxf3 cxd4 15.axb4 dxc3
16.Qxc3 Rfc8 17.Qd4 e5 18.Qh4 e4 19.Be2 axb4 20.Qf4 Rxc1 21.Rxc1 Nc5 22.fxe4 Ncxe4
23.Bf3 Re8 24.Be1 h6 25.Qf5 b3 26.Qb5 Qd8 27.Qxb3 Re5 28.Rc4 Nd2 29.Bxd2 Qxd2
30.h4 Qd8 31.Qc3 Re8 32.Rd4 Qe7 33.b4 Rd8 34.Rc4 Ne8 35.Re4 Qf6  1/2-1/2

[Event "CUB-ch"]
[Site "?"]
[Date "1988.??.??"]
[Round "?"]
[White "Hernandez, Roman"]
[Black "Arencibia, Juan Joel"]
[Result "1/2-1/2"]
[WhiteElo "2430"]
[BlackElo "2350"]

1.d4 Nf6 2.c4 e6 3.Nf3 Bb4+ 4.Bd2 c5 5.Bxb4 cxb4 6.g3 b6 7.Bg2 Bb7 8.O-O O-O
9.Nbd2 d6 10.Rc1 Qe7 11.Re1 e5 12.e4 a5 13.Qb3 Rc8 14.a3 Na6 15.Qe3 Nd7 16.Nh4 Qf6
17.Nf5 g6 18.Nh6+ Kh8 19.Nf3 Re8 20.dxe5 dxe5 21.Ng5 Re7 22.Rcd1 Rf8 23.Bh3 Ndc5
24.Bg2  1/2-1/2

[Event "DEN-ch"]
[Site "?"]
[Date "1988.??.??"]
[Round "2"]
[White "Hoi, Carsten"]
[Black "Kristiansen, Jens"]
[Result "1/2-1/2"]
[WhiteElo "2405"]
[BlackElo "2435"]

1.d4 Nf6 2.Nf3 e6 3.c4 Bb4+ 4.Bd2 a5 5.g3 O-O 6.Bg2 d5 7.O-O Nc6 8.Qc2 dxc4
9.Rd1 Qd5 10.a3 Bxd2 11.Nbxd2 Nxd4 12.Nxd4 Qxd4 13.Nxc4 Qa7 14.Ne5 c6 15.Rd3 Qb8
16.f4 Nd5 17.Kh1  1/2-1/2

[Event "DEN-ch"]
[Site "?"]
[Date "1988.??.??"]
[Round "3"]
[White "Schandorff, Lars"]
[Black "Danielsen, Henrik"]
[Result "1-0"]
[WhiteElo "2400"]
[BlackElo "2400"]

1.d4 Nf6 2.c4 e6 3.Nf3 Bb4+ 4.Bd2 a5 5.g3 b6 6.Bg2 Bb7 7.O-O O-O 8.Nc3 Bxc3
9.Bxc3 Ne4 10.Qc2 Nxc3 11.Qxc3 d6 12.Rfd1 Nd7 13.b3 Qe7 14.a3 Ra7 15.d5 e5
16.Nd2 f5 17.b4 Rfa8 18.e4 f4 19.Nb3 a4 20.Nc1 Rf8 21.Nd3 g5 22.Bh3 Nf6 23.f3 fxg3
24.Be6+ Kh8 25.hxg3 Bc6 26.Kg2 Bd7 27.Bxd7 Qxd7 28.Rh1 c6 29.Nf2 Rc7 30.Qe3 g4
31.Nxg4 cxd5 32.Nxf6 Rxf6 33.exd5 Rxc4 34.Rac1 b5 35.Rxc4 bxc4 36.Rc1 Qc8
37.Rc3 Rf7 38.Qe4 Rc7 39.f4 exf4 40.Qxf4 Re7 41.Rxc4 Qe8 42.Qf6+ Rg7 43.Qe6 Re7
44.Qc8 Kg7 45.Qf5 h5 46.b5 Re2+ 47.Kh3  1-0

[Event "DEN-ch"]
[Site "?"]
[Date "1988.??.??"]
[Round "10"]
[White "Schandorff, Lars"]
[Black "Kristiansen, Jens"]
[Result "1-0"]
[WhiteElo "2400"]
[BlackElo "2435"]

1.d4 Nf6 2.c4 e6 3.Nf3 Bb4+ 4.Bd2 a5 5.g3 d6 6.Bg2 Nbd7 7.O-O e5 8.Bg5 exd4
9.Nxd4 O-O 10.Qc2 h6 11.Bf4 Ne5 12.Nc3 Qe7 13.Rad1 Re8 14.Na4 Rb8 15.a3 Bc5
16.Nxc5 dxc5 17.Nb5 Bg4 18.f3 Bh5 19.Qc3 b6 20.Rd2 Nfd7 21.Nxc7 Red8 22.Rfd1 f6
23.Bh3 g5 24.Nd5 Qf8 25.Bxe5 Nxe5 26.f4 Rxd5 27.cxd5  1-0

[Event "Dieren op"]
[Site "Dieren"]
[Date "1988.??.??"]
[Round "4"]
[White "Karolyi, Tibor Jr"]
[Black "Bottema, Tom"]
[Result "1/2-1/2"]
[WhiteElo "2450"]
[BlackElo "2240"]

1.d4 Nf6 2.c4 e6 3.Nf3 Bb4+ 4.Bd2 c5 5.Bxb4 cxb4 6.g3 b6 7.Bg2 Bb7 8.O-O O-O
9.Nbd2 d6 10.Re1 Qe7 11.e4 e5 12.Qb3 a5 13.Qd3 Rd8 14.Nf1 Nbd7 15.Rad1 Nf8
16.Bh3 Ng6 17.b3 h6 18.Bf5 Nf8 19.Nh4 g6 20.Bh3 Nh5 21.dxe5 dxe5 22.Qe3 Nf4
23.gxf4 Rxd1 24.Rxd1 Qxh4 25.fxe5 Qxe4 26.Qxe4 Bxe4 27.Ng3 Bc2 28.Rd2 Bb1
29.Rb2 Bd3 30.Rd2 Bb1 31.Rb2  1/2-1/2

[Event "Dortmund-B"]
[Site "Dortmund"]
[Date "1988.??.??"]
[Round "?"]
[White "Farago, Ivan"]
[Black "Schmittdiel, Eckhard"]
[Result "0-1"]
[WhiteElo "2475"]
[BlackElo "2420"]

1.d4 Nf6 2.c4 e6 3.Nf3 Bb4+ 4.Bd2 c5 5.Bxb4 cxb4 6.g3 O-O 7.Bg2 d6 8.O-O Qc7
9.Nbd2 a5 10.Rc1 b6 11.Qc2 Bb7 12.e4 e5 13.Rfe1 Nbd7 14.Qd3 Rac8 15.Nf1 Rfe8
16.N3d2 exd4 17.Qxd4 Qc5 18.Qd3 Ne5 19.Qe2 Qd4 20.Rc2 d5 21.Bh3 Ned7 22.Nf3 Qxe4
23.Qd1 Qg6 24.Rxe8+ Rxe8 25.cxd5 Qh5 26.Bxd7 Nxd7 27.Rd2 Nf6 28.Ne3 Rd8 29.Nh4 Qxd1+
30.Rxd1 Nxd5 31.Nhf5 Kf8 32.Nc4 Rb8 33.Nfd6 Ba8 34.Ne5 Ke7 35.Ndxf7 h6 36.f4 Rf8
37.Nh8 Rc8 38.Nhg6+ Kf6 39.Rd2 Rc1+ 40.Kf2 Rh1 41.h4 h5 42.Nf8 Kf5 43.Nh7 Nf6
44.Nxf6 gxf6 45.Nc4 Rh2+ 46.Ke3 Rxd2 47.Nxd2 Bd5 48.b3 Kg4 49.Ne4 Bxe4 50.Kxe4 b5  0-1

[Event "DSV-Turnier"]
[Site "Dresden"]
[Date "1988.??.??"]
[Round "?"]
[White "Paehtz, Thomas Sr"]
[Black "Khasin, Alexander"]
[Result "1/2-1/2"]
[WhiteElo "2515"]
[BlackElo "2425"]

1.d4 Nf6 2.c4 e6 3.Nf3 Bb4+ 4.Bd2 Qe7 5.g3 b6 6.Bg2 Bb7 7.O-O Bxd2 8.Qxd2 d6
9.Nc3 Ne4 10.Nxe4 Bxe4 11.Ne1 Bxg2 12.Nxg2 O-O 13.Rae1 c5 14.d5 e5 15.e4 Nd7
16.h4 a6 17.b3 b5 18.Ne3 g6 19.Qc2 Rfb8 20.Kg2 a5 21.Rh1 a4 22.h5 bxc4 23.bxc4 a3
24.Rb1 Qg5 25.hxg6 hxg6 26.Rxb8+ Rxb8 27.Rb1 Rxb1 28.Qxb1 Nf6 29.Qd3 Kg7
30.Kf1 Qh5 31.Kg2  1/2-1/2

[Event "Edinburgh op"]
[Site "Edinburgh"]
[Date "1988.??.??"]
[Round "4"]
[White "Peek, Marcel"]
[Black "Arkell, Keith C"]
[Result "1/2-1/2"]
[WhiteElo "2345"]
[BlackElo "2425"]

1.d4 Nf6 2.c4 e6 3.Nf3 Bb4+ 4.Bd2 Qe7 5.g3 Nc6 6.Nc3 Bxc3 7.Bxc3 Ne4 8.Qc2 Nxc3
9.Qxc3 O-O 10.Bg2 d6 11.O-O a5 12.b3 e5 13.d5 Nb8 14.e4 Nd7 15.a3 g6 16.Nd2 f5
17.exf5 gxf5 18.f4 e4 19.Rfe1 Qf6 20.Qxf6 Nxf6 21.Nf1 a4 22.b4 b5 23.Ne3 bxc4
24.Red1 h5 25.Rac1 Ng4 26.Nxg4 hxg4 27.h3 gxh3 28.Bxh3 Ba6 29.Bf1 Rf7 30.Bxc4 Bxc4
31.Rxc4 Rg7 32.Kf2 Rb8 33.Rh1 Rb5 34.Rd4 Rh7 35.Rxh7 Kxh7 36.Rd1 Kg6 37.Ke3 Kf6
38.Rd2 Rb8 39.Rh2 Rg8 40.Kf2 Ke7 41.Rh5 Kd7 42.Rxf5 e3+ 43.Ke2 Rxg3 44.Rg5 Rh3
45.Rg7+ Kd8 46.Rg8+ Ke7 47.Rg7+ Kd8 48.Rg8+  1/2-1/2

[Event "Eger op"]
[Site "Eger"]
[Date "1988.??.??"]
[Round "?"]
[White "Orso, Miklos"]
[Black "Botos, Ferenc"]
[Result "0-1"]
[WhiteElo "2375"]
[BlackElo "2200"]

1.d4 Nf6 2.Nf3 e6 3.c4 Bb4+ 4.Bd2 Qe7 5.Qc2 Bxd2+ 6.Nbxd2 d6 7.e4 e5 8.Be2 O-O
9.O-O Nc6 10.d5 Nd8 11.b4 Nh5 12.Rfe1 Nf4 13.Bf1 f5 14.g3 fxe4 15.Qxe4 Nh5
16.Qe3 h6 17.Bd3 Nf7 18.Nh4 Nh8 19.Bc2 g5 20.Nhf3 Qg7 21.c5 Nf4 22.Ne4 Bg4
23.Nfd2 Nf7 24.Bb3 Bh3 25.Rec1 Rac8 26.f3 Kh8 27.Nf2 g4 28.fxg4 Bxg4 29.Kh1 Nh3
30.Rf1 Nxf2+ 31.Rxf2 Bh3 32.Re1 Ng5 33.Rxf8+ Rxf8 34.Bd1 Qf7 35.Kg1 Qxd5  0-1

[Event "Eger op"]
[Site "Eger"]
[Date "1988.??.??"]
[Round "?"]
[White "Orgovan, Sandor"]
[Black "Sandor, Tamas"]
[Result "1-0"]
[WhiteElo "2310"]
[BlackElo "2230"]

1.Nf3 Nf6 2.d4 e6 3.c4 Bb4+ 4.Bd2 c5 5.Bxb4 cxb4 6.Nbd2 O-O 7.e4 d6 8.Bd3 e5
9.O-O Nc6 10.d5 Ne7 11.c5 Bg4 12.cxd6 Ng6 13.h3 Bh5 14.Qb3 Bxf3 15.Nxf3 Qxd6
16.Nd2 Nh5 17.g3 a5 18.Rfc1 Qb6 19.Be2 Nf6 20.Rc4 Rfc8 21.Rac1 Ne7 22.a3 Ne8
23.Bg4 Rxc4 24.Nxc4 Qd4 25.Rd1 Qxe4 26.d6 a4 27.Qxb4 Nc6 28.Qxb7 Rd8 29.Na5 Rxd6
30.Rxd6 Qe1+ 31.Kg2 Nd4 32.Rd8 Kf8 33.Rxe8+  1-0

[Event "Espoo"]
[Site "Espoo"]
[Date "1988.??.??"]
[Round "9"]
[White "Kekki, Petri"]
[Black "Reeh, Oliver"]
[Result "0-1"]
[WhiteElo "2230"]
[BlackElo "2460"]

1.d4 Nf6 2.c4 e6 3.Nf3 Bb4+ 4.Bd2 Qe7 5.g3 O-O 6.Bg2 Bxd2+ 7.Nfxd2 d6 8.O-O e5
9.dxe5 dxe5 10.Nc3 c6 11.Qc2 Na6 12.a3 Nc5 13.b4 Ne6 14.e3 h5 15.c5 h4 16.Nce4 Nxe4
17.Qxe4 h3 18.Bh1 Ng5 19.Qh4 Bf5 20.e4 Be6 21.Qh5 g6 22.Qe2 Rad8 23.Rad1 Rd4
24.f4 exf4 25.gxf4 Rfd8 26.f5 Bxf5 27.Nc4 Rxd1 28.Rxd1 Rxd1+ 29.Qxd1 Nxe4
30.Bxe4 Qg5+ 31.Kf2 Bxe4 32.Qd6 Qg2+ 33.Ke3 Qf3+ 34.Kd4 Bd5 35.Qd8+ Kg7 36.Nd6 Qd1+
37.Ke3 Qc1+ 38.Ke2 Qb2+ 39.Ke1 Qe5+ 40.Kd1 Qa1+ 41.Kd2 Qb2+ 42.Ke1 Qc1+ 43.Ke2 Bc4+
44.Nxc4 Qxc4+ 45.Kd2 Qa2+ 46.Ke1 Qxh2 47.Qd4+ f6 48.Qd7+ Kh6 49.Qf7 Qe5+  0-1